000 00973cam a22002531 4500
001 4059215
005 20080429185249.0
008 711216s1964 nyub | b 00| 0 eng d
010 _a 64025023
040 _aDLC
_cDLC
_dDLC
043 _an-us---
050 0 0 _aE744
_b.W26
082 0 0 _a327.73
100 1 _aWanamaker, Temple.
_910388
245 1 0 _aAmerican Foreign Policy Today/
_cby Temple Wanamaker; With a pref. by Dean Rusk; Revised and updated by Deane Fons Heller
260 _aNew York:
_bBantam Books,
_c1969
300 _a250 p.:
_bmaps.;
_c18 cm.
490 0 _aBantam matrix editions
500 _aDonated by: Alaa Abdel Ghany
650 0 _aWorld politics
_y1945-1989.
_910389
651 0 _aUnited States
_xForeign relations
_y1945-1989.
_910390
942 _2ddc
_cBB
999 _c13142
_d13142